Evolutionary Biology Quiz #1 Medium - Statistics

General Stats
  • This quiz has been taken 20 times
  • The average score is 5 of 15
Answer Stats
Hint Answer % Correct
What ship did Charles Darwin travel on to survey the coasts and islands of South America? HMS Beagle
67%
Through what process do humans "manipulate" evolution to produce desirable traits? Selective breeding
60%
An "explosion" of animal diversity occurred in what period around 500 million years ago? Cambrian period
47%
What is it called when two or more species evolve similar traits independently? Convergent evolution
47%
What term describes the survival and reproductive success of an organism? Fitness
40%
Chimpanzees and bonobos are our closest living relatives. To what genus do they belong? Pan
40%
What is the name for a body part that has lost all or most of its function? Vestigial
33%
Some experts have called for a new geological age characterized by intensive human activity. What is it called? Anthropocene
27%
What group of marine mammals, including whales, evolved from land-living ancestors? Cetaceans
27%
An example of the above is the cephalopod ___, which is similar to that of a mammal. Eye
27%
Who popularised the gene-centered view of evolution in The Selfish Gene? Richard Dawkins
27%
We can see evolution in real time, for example, in bacteria via what phenomenon? Antibiotic resistance
20%
What term describes species evolving in response to interactions with each other? Coevolution
13%
What evolutionary process can favour behaviours that are helpful? Kin selection
7%
Fossils showing change over time can be found in layers of rock known as what? Strata
7%
No matching quizzes found
Score Distribution
Percent of People with Each Score
Percentile by Number Answered
Your Score History
You have not taken this quiz